Cuatro sermones que el Exmo. y Rvdo. pronunció con motivo del primer triduo celebrado en Madrid por la Hermandad de Caballeros de S. Fernando en 1943 / (Record no. 70070)

MARC details
000 -LEADER
campo de control de longitud fija 00652nam a2200169 i 4500
001 - NÚMERO DE CONTROL
campo de control 70070
003 - IDENTIFICADOR DE NÚMERO DE CONTROL
campo de control ES-MaACL
005 - FECHA Y HORA DE LA ÚLTIMA TRANSACCIÓN
campo de control 20250809063502.0
007 - CAMPO FIJO DE DESCRIPCIÓN FÍSICA--INFORMACIÓN GENERAL
campo de control de longitud fija t|
008 - DATOS DE LONGITUD FIJA--INFORMACIÓN GENERAL
campo de control de longitud fija 040716s1943 sp ||||1| spa d
100 1# - ENTRADA PRINCIPAL--NOMBRE DE PERSONA
Nombre de persona García Morente, Manuel,
Fechas asociadas al nombre 1886-1942
9 (RLIN) 55002
245 10 - MENCIÓN DEL TÍTULO
Título Cuatro sermones que el Exmo. y Rvdo. pronunció con motivo del primer triduo celebrado en Madrid por la Hermandad de Caballeros de S. Fernando en 1943 /
Mención de responsabilidad, etc. Manuel García Morente.
260 ## - PUBLICACIÓN, DISTRIBUCIÓN, ETC.
Lugar de publicación, distribución, etc. Madrid :
Nombre del editor, distribuidor, etc. [s.n.,
Fecha de publicación, distribución, etc. 1943] (
Fabricante Gráfica Literaria ; Francisco S. Vicente)
300 ## - DESCRIPCIÓN FÍSICA
Extensión 46 p. ;
Dimensiones 22 cm.
852 ## - LOCALIZACIÓN
Ubicación ES-MaACL
Número de control de estantería 1842-F-7
Sublocalización o colección R.19986
Holdings
Estatus retirado Estado de pérdida Estado de daño No para préstamo Colección Biblioteca de origen Biblioteca actual Ubicación en estantería Fecha de adquisición Fuente de adquisición Total de préstamos Signatura topográfica completa Código de barras Visto por última vez Precio de reemplazo Tipo de ítem Koha
        Colección de folletos Biblioteca del Ateneo de Madrid Biblioteca del Ateneo de Madrid Depósito folletos 17/01/2008     1842-F-7 1073375 23/02/2023 23/02/2023 Folleto